000 00583nam a2200205Ia 4500
005 20250923145916.0
008 008 250917s9999 xx 000 0 eng d
037 _aTextual
040 _aDSWL
_beng
_cDSWL
041 _aeng
_2eng
084 _aY:4375.231, N93
_qDSWL
100 _aEkta-, Secularism
_9840194
245 0 _aBombays Shenne: A report on Bombay riots
_c by Secularism Ekta
260 _aBombay
_b The Author
_c1993
300 _a92p.
365 _aINR
_b50.00
925 _g50.00
942 _cTEXL
_hY:4375.231, N93
999 _c1457225
_d1457225